000 00630nam a2200265Ia 4500
005 20260121114422.0
008 008 260114s9999 xx 000 0 eng d
020 _a9789354247262
037 _aEBOOK
040 _aCRL
040 _beng
040 _cCRL
041 _2eng
041 _aeng
084 _qCRL
100 _aCaligiuri
_9974759
245 0 _aManaging the Global Workforce
260 _bWiley
260 _c2021
650 _aHuman Resource Management
_9974760
856 _uhttps://ebooks.wileyindia.com/product-details/283612
942 _cEBOOK
999 _c1553997
_d1553997